| 000 | 00435nam a2200181Ia 4500 | ||
|---|---|---|---|
| 008 | 210210b1908 xxu||||| |||| 00| 0 eng d | ||
| 041 | _aeng | ||
| 082 | _a512/49 | ||
| 100 | _aMURRAY (D A) | ||
| 245 | _aPlane and spherical trigonometry | ||
| 260 |
_aLondon _bLongmans Green and Company _c1908 |
||
| 650 | _atrigonometry | ||
| 650 | _asperical | ||
| 650 | _aPlane | ||
| 650 | _aand | ||
| 690 | _aTrigonometry | ||
| 906 | _a007252 | ||
| 999 |
_c139660 _d139660 |
||